000 00398pab a2200157 454500
008 180718b1999 xxu||||| |||| 00| 0 eng d
100 _aAnklesaria Aiyar, Swaminathan S.
245 _aIndia fails as a manufacturer-exporter
260 _c1999
300 _ap.8
362 _a9 Jun
650 _aEconomic reform
650 _aManufacturing industry
773 _aEconomic Times
909 _a42432
999 _c42432
_d42432